书目信息 |
| 题名: |
设计教学现场
|
|
| 作者: | 李嫣 著 | |
| 分册: | ||
| 出版信息: | 北京 中国轻工业出版社 2020.04 |
|
| 页数: | 214页 | |
| 开本: | 24cm | |
| 丛书名: | ||
| 单 册: | ||
| 中图分类: | J06-42 | |
| 科图分类: | ||
| 主题词: | 艺术--yi shu--设计--教学研究--高等学校--美国 | |
| 电子资源: | ||
| ISBN: | 978-7-5184-2733-8 | |
| 000 | 01225nam0 2200265 450 | |
| 001 | 2034820654 | |
| 005 | 20201106094033.36 | |
| 010 | @a978-7-5184-2733-8@dCNY59.80 | |
| 100 | @a20200521d2020 em y0chiy50 ea | |
| 101 | 0 | @achi@aeng |
| 102 | @aCN@b110000 | |
| 105 | @aa a 000yy | |
| 200 | 1 | @a设计教学现场@Ashe ji jiao xue xian chang@e美国大学设计专业课程研究@d= On the spot@eresearch on design classes in US universities@f李嫣著@zeng |
| 210 | @a北京@c中国轻工业出版社@d2020.04 | |
| 215 | @a214页@c彩图@d24cm | |
| 300 | @a轻艺术 | |
| 320 | @a有书目 (第210页) | |
| 330 | @a本书主要内容是关于美国大学设计专业核心课程的教学研究, 包括教学策略、教学过程设计、教学对象分析以及教育特点总结。全书对设计专业教学全过程进行深入研究, 理论与案例相结合, 采用中英双语写作模式, 对专业教师的教学观点进行深入分析。该书分为五部分, 内容包括: 设计课程的设计 ; 平面设计 ; 立体构成等。 | |
| 510 | 1 | @aOn the spot@eresearch on design classes in US universities@zeng |
| 517 | 1 | @a美国大学设计专业课程研究@Amei guo da xue she ji zhuan ye ke cheng yan jiu |
| 606 | 0 | @a艺术@Ayi shu@x设计@x教学研究@x高等学校@y美国 |
| 690 | @aJ06-42@v5 | |
| 701 | 0 | @a李嫣@Ali yan@4著 |
| 801 | 0 | @aCN@b人天书店@c20200929 |
| 905 | @aZUCC@dJ06-42@eL315 | |
| 设计教学现场:美国大学设计专业课程研究= On the spot:research on design classes in US universities/李嫣著.-北京:中国轻工业出版社,2020.04 |
| 214页:彩图;24cm |
| 轻艺术 |
| ISBN 978-7-5184-2733-8:CNY59.80 |
| 本书主要内容是关于美国大学设计专业核心课程的教学研究, 包括教学策略、教学过程设计、教学对象分析以及教育特点总结。全书对设计专业教学全过程进行深入研究, 理论与案例相结合, 采用中英双语写作模式, 对专业教师的教学观点进行深入分析。该书分为五部分, 内容包括: 设计课程的设计 ; 平面设计 ; 立体构成等。 |
| ● |
| 相关链接 |
|
|
|
正题名:设计教学现场
索取号:J06-42/L315
 
预约/预借
| 序号 | 登录号 | 条形码 | 馆藏地/架位号 | 状态 | 备注 |
| 1 | 1481529 | 214815299 | 社科库309/309社科库 63排3列2层/ [索取号:J06-42/L315] | 在馆 | |
| 2 | 1481530 | 214815306 | 社科库309/309社科库 63排3列2层/ [索取号:J06-42/L315] | 在馆 |